|
|
|
|
| LEADER |
01231nam a2200217 i 4500 |
| 003 |
GR-PaULI |
| 005 |
20210212120435.0 |
| 008 |
201015s2003 gr aeb|| |||| 00| 0 gre d |
| 952 |
|
|
|0 0
|1 0
|2 ddc
|4 0
|6 949_530000000000000_ΒΛΑ
|7 0
|9 323514
|a LISP
|b LISP
|c BSC
|d 2021-02-12
|i 150907
|l 0
|o 949.53 ΒΛΑ
|p 025000277442
|r 2021-02-12 00:00:00
|t 1
|w 2021-02-12
|y BK15
|
| 999 |
|
|
|c 147581
|d 147581
|
| 020 |
|
|
|a 9602331356
|
| 040 |
|
|
|a GR-PaULI
|b gre
|c GR-PaULI
|d GR-AiPI
|e AACR2
|
| 082 |
0 |
4 |
|a 949.53
|2 23
|
| 100 |
1 |
|
|9 183774
|a Βλαχοπούλου - Οικονόμου, Αμαλία
|e συγγραφέας.
|
| 245 |
1 |
0 |
|a Επισκόπηση της τοπογραφίας της αρχαίας Ηπείρου :
|b Νομοί Ιωαννίνων - Θεσπρωτίας και Νότια Αλβανία /
|c Αμαλία Βλαχοπούλου - Οικονόμου.
|
| 260 |
|
|
|a Ιωάννινα :
|b Πανεπιστήμιο Ιωαννίνων,
|c 2003.
|
| 300 |
|
|
|a 435, [2] σ. :
|b εικ., χάρτες ;
|c 24 εκ.
|
| 504 |
|
|
|6 Περιλαμβάνει βιβλιογραφικές παραπομπές και ευρετήριο.
|
| 651 |
|
4 |
|9 183775
|a Ήπειρος, Αρχαία
|x Τοπογραφία.
|
| 942 |
|
|
|2 ddc
|c BK15
|
| 998 |
|
|
|c ΜΙΧΟΣΤΑΥΡΟΥ
|d 2020-10
|